[Event "GER-chT DLM U20"]
[Site "Wismar"]
[Date "2009.10.03"]
[Round "6"]
[White "Pallas, Sebastian"]
[Black "Juenger, Alexander"]
[Result "1-0"]
[WhiteElo "1371"]
[BlackElo "1346"]
[PlyCount "71"]
[EventDate "2009.09.30"]
[EventType "team-swiss"]
[EventRounds "7"]
[EventCountry "GER"]
[SourceTitle "CBM 132 Extra"]
[Source "ChessBase"]
[SourceDate "2009.11.03"]
[SourceVersion "1"]
[SourceVersionDate "2009.11.03"]
[SourceQuality "1"]
[WhiteTeam "Sachsen Anhalt U20"]
[BlackTeam "Thueringen U20"]
[WhiteTeamCountry "GER"]
[BlackTeamCountry "GER"]

1. d4 d5 2. c4 e6 3. Nc3 Nf6 4. Bg5 Be7 5. Nf3 Nbd7 6. e3 0-0 7. Bd3 b6 8. cxd5 exd5 9. 0-0 Bb7 10. Qe2 Ne4 11. Bxe7 Qxe7 12. Rac1 c5 13. Rfd1 Ndf6 14. Bxe4 dxe4 15. Ne1 Rac8 16. Nc2 Rfd8 17. Rd2 Nd5 18. Ne1 c4 19. Nc2 Ba6 20. a3 Nxc3 21. bxc3 Bb5 22. Ra1 a5 23. a4 Ba6 24. Ne1 Rc6 25. Rb2 Rdd6 26. Nc2 Rh6 27. Na3 Qc7 28. g3 Rh3 29. Qg4 Rch6 30. Qxe4 Qb8 31. Rab1 Re6 32. Rxb6 Qe8 33. Rxe6 fxe6 34. Qf4 Rh6 35. Rb8 Bc8 36. Qc7 1-0

[Event "GER-chT DLM U20"]
[Site "Wismar"]
[Date "2009.10.01"]
[Round "4"]
[White "Juenger, Alexander"]
[Black "Hess, Sophie"]
[Result "0-1"]
[WhiteElo "1346"]
[BlackElo "970"]
[PlyCount "70"]
[EventDate "2009.09.30"]
[EventType "team-swiss"]
[EventRounds "7"]
[EventCountry "GER"]
[SourceTitle "CBM 132 Extra"]
[Source "ChessBase"]
[SourceDate "2009.11.03"]
[SourceVersion "1"]
[SourceVersionDate "2009.11.03"]
[SourceQuality "1"]
[WhiteTeam "Thueringen U20"]
[BlackTeam "Saarland U20"]
[WhiteTeamCountry "GER"]
[BlackTeamCountry "GER"]

1. b3 b6 2. Bb2 Bb7 3. e3 e6 4. Nf3 Nf6 5. Be2 Be7 6. 0-0 0-0 7. d3 d5 8. Nbd2 c5 9. c4 Nc6 10. Ne5 Nxe5 11. Bxe5 Nd7 12. Bb2 Bd6 13. Qc2 Qc7 14. h3 Qc6 15. d4 Rac8 16. Bf3 Qc7 17. Rfe1 f5 18. Rac1 Nf6 19. Be2 Ne4 20. Nf3 f4 21. Bd3 fxe3 22. fxe3 Rf5 23. Rf1 Rcf8 24. Bxe4 dxe4 25. Ne5 cxd4 26. exd4 e3 27. Rxf5 Rxf5 28. Rf1 Bxe5 29. dxe5 Qc5 30. Qe2 Rg5 31. g4 Qc6 32. Qh2 Qe4 33. Rf4 Qd3 34. Ba3 Qd1+ 35. Rf1 Rxg4+ 0-1

[Event "GER-ch U10"]
[Site "Willingen"]
[Date "2006.06.09"]
[Round "10"]
[White "Lagunow, Elina"]
[Black "Juenger, Alexander"]
[Result "1-0"]
[WhiteElo "1683"]
[BlackElo "1197"]
[PlyCount "88"]
[EventDate "2006.06.04"]
[EventType "swiss"]
[EventRounds "11"]
[EventCountry "GER"]
[SourceTitle "EXT 2007"]
[Source "ChessBase"]
[SourceDate "2006.11.23"]
[SourceVersion "1"]
[SourceVersionDate "2006.11.23"]
[SourceQuality "1"]

1. e4 e5 2. Nf3 Nc6 3. Bc4 Nf6 4. d4 exd4 5. 0-0 Bc5 6. e5 d5 7. exf6 dxc4 8. Re1+ Be6 9. Ng5 Qxf6 10. Nxe6 fxe6 11. Qh5+ g6 12. Qxc5 Rf8 13. Rf1 Rc8 14. Bg5 Qg7 15. Nd2 Rf5 16. Qxc4 Rxg5 17. Qxe6+ Ne7 18. Rae1 Rd8 19. Ne4 Rf5 20. Qc4 Rd7 21. Nc5 Rdd5 22. Nxb7 Kd7 23. b4 Rh5 24. Nc5+ Ke8 25. Ne6 Qh6 26. h3 Rd7 27. Nxc7+ Kf8 28. Ne6+ Ke8 29. Nxd4 Kd8 30. Ne6+ Ke8 31. Nf4 Rf5 32. Nd3 Qg7 33. Qc8+ Rd8 34. Qc6+ Kf8 35. Qc7 Rc8 36. Qd6 Rxc2 37. Re3 Rc8 38. Rfe1 Re8 39. Nc5 Rxc5 40. bxc5 h6 41. c6 Kf7 42. Rxe7+ Rxe7 43. Rxe7+ Kg8 44. Rxg7+ Kxg7 1-0